000 00487nam a2200169Ia 4500
005 20250508160037.0
008 008 250505s9999 xx 000 0 eng d
037 _aTextual
040 _aFEDL
_beng
_cFEDL
041 _aeng
_2eng
084 _a294.5, POD
_qFEDL
245 0 _aPhilosophy of love:Bhakiri - sutras of Devarsi Narada
260 _aGorakhpur, India
_bHanumanprasad Poddar
_c1960
300 _a254p
942 _cTEXL
_h294.5, POD
999 _c1361357
_d1361357